Un mundo desbocado (Registro nro. 11426)

Detalles MARC
000 -LIDER
fixed length control field 01004nam a22003137a 4500
001 - NÚMERO DE CONTROL
Identificador de número de control 000681
003 - IDENTIFICACDOR DE NÚMERO DE CONTROL
control field DO-SdBPM
005 - DATE AND TIME OF LATEST TRANSACTION
control field 20250609125012.0
007 - CAMPOS FIJOS DE DESCRIPCIÓN FÍSICA
fixed length control field 000681
008 - ELEMENTOS DE LONGITUD FIJA
fixed length control field 151210b 2011 sp 00| 0 spa d
020 ## - ISBN
International Standard Book Number 9789681907945
040 ## - FUENTE DE CATALOGACIÓN
Agencia que crea de manera original el registro DO-SdBPM
Idioma de catalogación spa
Agencia que realiza la transcripción BPMSU
082 #4 - NÚMERO DE CLASIFICACIÓN DECIMAL DE DEWEY
Classification number 303.4
Item number G453u 2011
Edition number 22
100 1# - ASIENTO PRINCIPAL -- NOMBRE PERSONAL
Nombre personal Giddens, Anthony
Fechas asociadas con el nombre 1938-
240 10 - TITULO UNIFORME
Título uniforme Runaway world
245 10 - MENCIÓN DE TITULO
Título Un mundo desbocado
Subtítulo los efectos de la globalización en nuestras vidas /
Mención de responsabilidad Anthony Giddens ; traducción Pedro Cifuentes
250 ## - MENCIÓN DE EDICION
Mención de edición
260 ## - PUBLICACIÓN, DISTRIBUCIÓN, ETC. (PIE DE IMPRENTA)
Lugar de publicación, distribución, etc Madrid ;
Nombre del editor, distribuidor, etc. Santillana ediciones generales ;
-- Taurus,
Fecha de publicación, distribución, etc 2011
300 ## - DESCRIPCIÓN FÍSICA
Extensión 117 p. ;
Dimensiones 23 cm.
490 0# - MENCIÓN DE SERIES
Mención de serie Pensamiento
500 ## - NOTA GENERAL
Nota general Incluye índice analítico.
590 ## - NOTA LOCAL
Texto de la nota local Inventariado, 2025/VM
650 #4 - ENCABEZAMIENTO DE MATERIA--TEMÁTICO
Término temático o nombre geográfico como elemento de entrada Cambio social
650 #4 - ENCABEZAMIENTO DE MATERIA--TEMÁTICO
Término temático o nombre geográfico como elemento de entrada Globalización
Subdivisión temática general Aspectos sociales
650 #4 - ENCABEZAMIENTO DE MATERIA--TEMÁTICO
Término temático o nombre geográfico como elemento de entrada Globalización
Subdivisión temática general Ensayos, conferencias, etc
700 1# - ASIENTO SECUNDARIO -- NOMBRE PERSONAL
Nombre personal Cifuentes, Pedro
Mención de responsabilidad traductor
910 ## - VALIDACIÓN
Validación VMateo V. Control de calidad. BPMSU
942 ## - ADDED ENTRY ELEMENTS (KOHA)
Source of classification or shelving scheme Dewey Decimal Classification
Koha item type Libros
Existencias
Withdrawn status Lost status Source of classification or shelving scheme Damaged status Not for loan Collection code Home library Current library Date acquired Source of acquisition Total Checkouts Full call number Barcode Date last seen Price effective from Koha item type
    Dewey Decimal Classification     Colección General Biblioteca Pública Metropolitana Salomé Ureña Biblioteca Pública Metropolitana Salomé Ureña 09/16/2016 ALFAGUARA   BPMSU CG 303.4 G453u 2011 BPMSU16090373 09/16/2016 09/16/2016 Libros